Managing Opeations : (Record no. 167983)

MARC details
000 -LEADER
fixed length control field 00698nam a22002177a 4500
005 - DATE AND TIME OF LATEST TRANSACTION
control field 20190924153934.0
010 ## - LCCN (DPL NO)
LC control number ENG-126533
020 ## - INTERNATIONAL STANDARD BOOK NUMBER
Terms of availability 775.00
International Standard Book Number 9789353167127
035 ## - SYSTEM CONTROL NUMBER
System control number EN-110065
037 ## - SOURCE OF ACQUISITION
Source of stock number/acquisition DBAD/PUB
082 ## - DEWEY DECIMAL CLASSIFICATION NUMBER
Classification number 643.12
Edition number 3rd
100 ## - MAIN ENTRY--PERSONAL NAME
Personal name Swink , Morgan
245 ## - TITLE STATEMENT
Title Managing Opeations :
Statement of responsibility, etc By Morgan Swink ...[et.,all]
260 ## - PUBLICATION, DISTRIBUTION, ETC. (IMPRINT)
Place of publication, distribution, etc Chennai
Name of publisher, distributor, etc McGraw Hill Education
Date of publication, distribution, etc 2017
270 ## - ADDRESS
City Chennai
Address 444/1, Sri Ekambara Naicker Industrial Estate, Alapakkam Porur
Postal code 600116
Electronic mail address info.india@mheducation.com
300 ## - PHYSICAL DESCRIPTION
Extent 610p.
Dimensions 25cm,(pbk)
700 ## - ADDED ENTRY--PERSONAL NAME
Personal name Melnyk , Steven
700 ## - ADDED ENTRY--PERSONAL NAME
Personal name Cooper , M. Bixby
700 ## - ADDED ENTRY--PERSONAL NAME
Personal name Hartley , Janet L,
942 ## - ADDED ENTRY ELEMENTS (KOHA)
Source of classification or shelving scheme Dewey Decimal Classification
Item type English Books
Classification part 643.12
Call number suffix SWI
Holdings
Withdrawn status Lost status Not for loan Collection code Home library Current library Date acquired Source of acquisition Cost, normal purchase price Full call number Barcode Copy number Cost, replacement price Koha item type
      Non-fiction Sarojini Nagar Sarojini Nagar 24/09/2019 DBAD/PUB 775.00 643.12 SWI EN-110065 1 775.00 English Books

© Delhi Public Library
Hit Counter
free hit counter